Sudden Death Have These NBA Players Averaged 20 PPG #1 - Statistics

General Stats
  • This quiz has been taken 434 times
  • The average score is 3 of 10
Answers on the Grid
Answers color-coded by a green-red scale on the quiz's grid according to % correct below.
Andrea Bargnani
Ben Gordon
Bojan Bogdanovic
Brook Lopez
Collin Sexton
Dave Debusschere
Draymond Green
Eric Bledsoe
Jason Kidd
Jerry Stackhouse
Joe Johnson
John Stockton
Manu Ginobili
Marc Gasol
Norman Powell
RJ Barrett
Robert Parrish
Steve Nash
Wes Unseld
Zach Randolph
 
Answer Stats
Answer % Correct
Brook Lopez
50%
Bojan Bogdanovic
34%
Collin Sexton
28%
Joe Johnson
28%
Jerry Stackhouse
24%
RJ Barrett
24%
Eric Bledsoe
23%
Andrea Bargnani
21%
Zach Randolph
19%
Ben Gordon
17%
No matching quizzes found
Score Distribution
Percent of People with Each Score
Percentile by Number Answered
Your Score History
You have not taken this quiz